000 01202cam a2200277 a 4500
999 _c127175
_d127175
001 13458051
003 ARRUPE
005 20171108090506.0
008 040114s2004 enk b 001 0 eng
010 _a 2004266891
020 _a0199263477
040 _aDLC
_cDLC
_dDLC
050 0 0 _aB-40-1
082 0 0 _a210
_222
100 1 _aDavies, Brian,
_d1951-
_99292
245 1 3 _aAn introduction to the philosophy of religion /
_cBrian Davies.
250 _a3rd ed.
260 _aOxford ;
_aNew York :
_bOxford University Press,
_c2004.
300 _aix, 333 p. ;
_c22 cm.
504 _aIncludes bibliographical references (p. [319]-320) and index.
650 0 _aReligion
_xPhilosophy.
_937372
856 4 2 _3Publisher description
_uhttp://www.loc.gov/catdir/enhancements/fy0620/2004266891-d.html
856 4 2 _3Contributor biographical information
_uhttp://www.loc.gov/catdir/enhancements/fy1305/2004266891-b.html
856 4 1 _3Table of contents only
_uhttp://www.loc.gov/catdir/enhancements/fy1305/2004266891-t.html
906 _a7
_bcbc
_corigcop
_d2
_encip
_f20
_gy-gencatlg
942 _2lcc
_cMONOGRAPH